Bibliotecas escolares ¿entre interrogantes?: herramientas de autoevaluación. preguntas e indicadores para mejorar la biblioteca /
Guardado en:
| Autor Principal: | |
|---|---|
| Otros Autores: | , , |
| Formato: | Libro |
| Publicado: |
Madrid :
Ministerio de Educación Secretaría de Estado de Educación y Formación Profesional,
2011
|
| Materias: | |
| Etiquetas: |
Agregar Etiqueta
Sin Etiquetas, Sea el primero en etiquetar este registro!
|
| LEADER | 00916nam a22002535a 4500 | ||
|---|---|---|---|
| 001 | CEM.cems013936 | ||
| 008 | 130507s2011##################000#0#####d | ||
| 005 | 20210705092245.0 | ||
| 003 | CEMS | ||
| 245 | 1 | 0 | |a Bibliotecas escolares ¿entre interrogantes?: herramientas de autoevaluación. preguntas e indicadores para mejorar la biblioteca / |c Inés Miret, Mónica Baró, Teresa Mañá E Inmaculada Vellosillo |
| 260 | |a Madrid : |b Ministerio de Educación Secretaría de Estado de Educación y Formación Profesional, |c 2011 | ||
| 300 | |a 149 p. | ||
| 590 | |a 1075.013 | ||
| 020 | |a 9788489384842 | ||
| 100 | 1 | |a Miret, Inés | |
| 700 | 1 | |a Baró, Mónica | |
| 700 | 1 | |a Mañá, Teresa | |
| 700 | 1 | |a Vellosillo, Inmaculada | |
| 653 | |a Educación | ||
| 653 | |a Bibliotecología | ||
| 653 | |a Bibliotecas | ||
| 653 | |a Biblioteca TC | ||
| 653 | |a Bibliotecas escolares | ||
| 859 | |a CEMS |b BIB. CEMS - 11 de abril |h TC |p 1075.013 |t Ej.1 | ||
